• 首页
  • 本馆介绍
  • 公告通知
  • 最新文献
  • 馆藏检索
  • 电子资源
  • 读者导购
  • 参考咨询
  • 我的图书馆
  • 登录
  • 详细信息显示
  • 放入我的书架
  • 预约/预借图书
  • 作者相关作品
  • 分类相关作品
  • 丛书相关作品
  • 出版社相关作品

书目信息

  • 表格格式
  • 工作单格式
  • 卡片格式
题名:
东南亚史
    
 
作者: 霍尔 著 ;中山大学东南亚历史研究所 译
分册: 下册  
出版信息: 北京   商务印书馆  1982
页数: ~1170页
开本: 20cm
丛书名:
单 册:
中图分类: K33
科图分类:
主题词: 东南亚--历史
电子资源:
ISBN:
000 00739nam0 2200229 45
001 0312020807
005 20040512090513.7
010    @dCNY2.40
091    @a11017·585
100    @a20031202d1982 km y0chiy0120 ea
101 0  @achi@ceng
105    @a z 000yy
200 1  @a东南亚史@h下册@ADong Nan Ya Shi@f(英)D·G·E·霍尔著@F(Ying)D·G·E·Huo Er Zhu@g中山大学东南亚历史研究所译
210    @a北京@c商务印书馆@d1982
215    @a~1170页@c图版@d20cm
305    @a根据英国麦克米伦出版公司1968年第三版译出。
606 0  @a东南亚@x历史
690    @aK33@v3
701  0 @a霍尔@4著
712 02 @a中山大学东南亚历史研究所@AZhong Shan Da Xue Dong Nan Ya Li Shi Yan JiuSuo@4译
801    @aCN@bTSTC@c20031202
905    @dK33@e1:2@f1@b80980
    
    东南亚史.下册/(英)D·G·E·霍尔著/中山大学东南亚历史研究所译.-北京:商务印书馆,1982
    ~1170页:图版;20cm
    
    
    ISBN :CNY2.40
    
●
相关链接 在E读中查询图书 在五车中查询图书 在当当中查询图书 在豆瓣中查询图书


正题名:东南亚史     索取号:K33/1:2         预约/预借

序号 登录号 条形码 馆藏地/架位号 状态 备注
1 0080980   001471543   第二借阅区/ [索取号:K33/1:2] 在馆    
2 0080981   001602288   密集书库/ [索取号:K33/1:2] 在馆    
3 0080982   001396242   第二样本阅览室/ [索取号:K33/1:2] 在馆    
唐山师范学院图书馆 欢迎您!
大连网信软件有限公司© 版权所有